000 01580nam a2200397 a 4500
999 _c2827
_d2827
003 AKMAL
005 20170518112002.0
008 170518t2002 ny a e 001 0 eng d
020 _a9780060516406 (pbk.) :
_cRM55.90
040 _aAKMAL
082 0 4 _a658 COL
_222
090 0 0 _a658
_bCOL
100 1 _aCollins, James C.
_q(James Charles),
_d1958-
_95971
245 1 0 _aBuilt to last :
_bsuccessful habits of visionary companies /
_cJames C. Collins, Jerry I. Porras
260 _aNew York :
_bCollins,
_c1994
300 _axxi, 342p. ;
_c21cm.
650 1 0 _aSuccess in business
_91084
650 2 0 _aIndustrial management
_92203
650 2 0 _aEntrepreneurship
_93655
700 1 _aPorras, Jerry I.
_95972
942 _2ddc
_cBOOK